| 000 | 01430nam a22003977a 4500 | ||
|---|---|---|---|
| 001 | 000012521 | ||
| 003 | CHAP | ||
| 005 | 20220329133837.0 | ||
| 008 | 971013s1985 r 00010 d | ||
| 010 | _a11684 | ||
| 011 | _a12656 | ||
| 035 | _a15989 | ||
| 040 | _cCHAP | ||
| 082 | 0 | 4 |
_a543 _bR4 |
| 100 |
_aRangel Olvera, Roberto. _994615 |
||
| 245 | 1 | 0 | _aMarcha sistemática general Bunsen para la investigación de cationes en una muestra sólida. |
| 260 |
_aChapingo, Méx. : _bUACH. Departamento de Preparatoria Agrícola, _c1985. |
||
| 300 | _a101 p. | ||
| 590 |
_aBATCH-UPD _b10 _c20130110 _lUCH01 _h1814 |
||
| 590 |
_aBATCH-UPD _b10 _c20130410 _lUCH01 _h1149 |
||
| 590 |
_aBATCH-UPD _b10 _c20130914 _lUCH01 _h0900 |
||
| 590 |
_aCONVERSION _b10 _c20130109 _lUCH01 _h1308 |
||
| 590 |
_aE5995AHE _b05 _c20150223 _lUCH01 _h0923 |
||
| 650 | 1 | 4 |
_aCationes. _920520 |
| 650 | 1 | 4 |
_aQuímica analítica. _993582 |
| 700 | 0 |
_aBunsen, Robert Wilhelm. _916080 |
|
| 700 | 0 |
_aMarcha, Bunsen. _971262 |
|
| 901 | _aBK | ||
| 942 | _cLIBRO | ||
| 942 | _n0 | ||
| 949 |
_a543 R4 _bBC _cLIBRO _d33724000390357 _eLIBRO _fc.3 _h67390 _i15989 _si |
||
| 949 |
_a543 R4 _bBC _cLIBRO _d33724000390365 _eLIBRO _fc.4 _h67391 _i15989 _si |
||
| 949 |
_a543 R4 _bBC _cLIBRO _d33724000756029 _eLIBRO _fc.2 _h67389 _i15989 _sb |
||
| 949 |
_a543 R4 _bBC _cLIBRO _d33724000832994 _eLIBRO _h68388 _i15989 _sb |
||
| 949 |
_a543 R4 _bBC _cUACH _d33724000390373 _eUACH _fc.5 _h70005 _i15989 _sb |
||
| 999 |
_c11684 _d11684 |
||